000 00744nam a22002417a 4500
003 UA-OsUOA
001 44347
007 ta
008 20101012b un ||||| |||| 00| 0 ukr d
100 _aЄфремов С.
090 _a82-94
_bЕ99
942 _cBK
040 _aUA-OsUOA
_bukr
_cUA-OsUOA
_dUA-OsUOA
245 _aБої 14-15 березня 1939 року на Карпатській Україні
300 _a98 с.
955 _a1
041 _aukr
080 _a82-94
260 _aУжгород
_bГражда
_c2009
650 7 _a82 Література. Літературознавство
_2UDC
999 _c424408
_d424408